HIV/AIDS International Programs : Appropriations, FY2003-FY2005.

Describes FY2003-FY2005 appropriations for U.S. contributions in support of international HIV/AIDS programs.

Bibliographic Details
Corporate Authors: Library of Congress. Congressional Research Service, ProQuest (Firm)
Format: eBook
Language:English
Published: [Place of publication not identified] : [publisher not identified], 2004.
Series:U.S. Congressional Research.
Subjects:
Online Access:Connect to the full text of this electronic book

MARC

Tag First Indicator Second Indicator Subfields
LEADER 00000cam a22000001a 4500
001 in00003307621
006 m d f
007 cr bn mmmapmmp
008 101130s2004 dcu o f000 0 eng d
005 20260501141415.0
035 |a cis2007844287 
040 |a ProQuest  |c ProQuest  |d UtOrBLW 
043 |a n-us--- 
099 |a CRS-2004-FDT-0316 
110 2 |a Library of Congress.  |b Congressional Research Service. 
245 1 0 |a HIV/AIDS International Programs :  |b Appropriations, FY2003-FY2005. 
264 1 |a [Place of publication not identified] :  |b [publisher not identified],  |c 2004. 
300 |a 1 online resource. 
336 |a text  |b txt  |2 rdacontent 
337 |a computer  |b c  |2 rdamedia 
338 |a online resource  |b cr  |2 rdacarrier 
500 |a Record is based on bibliographic data in ProQuest U.S. Congressional Research Digital Collection (last viewed Nov. 2010). Reuse except for individual research requires license from ProQuest, LLC. 
500 |a CRS Report. 
520 |a Describes FY2003-FY2005 appropriations for U.S. contributions in support of international HIV/AIDS programs. 
500 |a Electronic resource. 
650 0 |a AIDS (Disease) 
650 0 |a Budget  |z United States. 
650 0 |a Federal aid. 
655 7 |a Electronic books.  |2 local 
710 2 |a ProQuest (Firm) 
776 0 8 |i Microfiche version:   |a Library of Congress. Congressional Research Service.  |t HIV/AIDS International Programs 
830 0 |a U.S. Congressional Research. 
856 4 0 |u http://proxy.library.tamu.edu/login?url=https://congressional.proquest.com/congcomp/getdoc?CRDC-ID=CRS-2004-FDT-0316  |z Connect to the full text of this electronic book  |t 0 
999 |a MARS 
999 f f |s fdcb6c53-24e6-3b6f-a1ca-0f2a3a9a516c  |i ea19c16d-e0b5-3aee-889a-2c09b4ee7105  |t 0 
952 f f |a Texas A&M University  |b College Station  |c Electronic Resources  |s www_evans  |d Available Online  |t 0  |e CRS-2004-FDT-0316  |h Other scheme 
998 f f |a CRS-2004-FDT-0316  |t 0  |l Available Online